00345pab a2200121 454500008004000000100002600040245007700066260000900143300001300152362000800165650001500173773003500188180718b1998 xxu||||| |||| 00| 0 eng d aFoote, Christopher L. aTrend employment growth and the bunching of job creation and destruction c1998 ap.809-34 aAug aEmployment aQuarterly Journal of Economics